Regions of Namibia - Statistics

General Stats
  • This quiz has been taken 6 times
  • The average score is 5 of 14
Answer Stats
Capital District % Correct
Keetmanshoop !Karas
67%
Katima Mulilo Zambezi
67%
Swakopmund Erongo
50%
Windhoek Khomas
50%
Mariental Hardap
33%
Rundu Kavango East
33%
Nkurenkuru Kavango West
33%
Opuwo Kunene
33%
Gobabis Omaheke
33%
Oshakati Oshana
33%
Omuthiya Oshikoto
33%
Eenhana Ohangwena
17%
Outapi Omusati
17%
Otjiwarongo Otjozondjupa
17%
No matching quizzes found
Score Distribution
Percent of People with Each Score
Percentile by Number Answered
Your Score History
You have not taken this quiz